000 00256nam a2200097Ia 4500
001 805678
005 20250826171157.0
008 250824s9999 xx 000 0 und d
245 0 _aHUN KARTAL SAVAŞÇISI
_cAHMET HALDUN TERZİOĞLU
260 _bPANAMA YAYINLARI
999 _c805678
_d805678